Discovering The Universe. (Record no. 148)

MARC details
000 -LEADER
fixed length control field 00934cam a2200301 a 4500
001 - CONTROL NUMBER
control field 15042302
003 - CONTROL NUMBER IDENTIFIER
control field OSt
005 - DATE AND TIME OF LATEST TRANSACTION
control field 20220907170354.0
008 - FIXED-LENGTH DATA ELEMENTS--GENERAL INFORMATION
fixed length control field 071012s2008 nyua 001 0 eng
010 ## - LIBRARY OF CONGRESS CONTROL NUMBER
LC control number 2007939343
020 ## - INTERNATIONAL STANDARD BOOK NUMBER
International Standard Book Number 9781429205191
020 ## - INTERNATIONAL STANDARD BOOK NUMBER
International Standard Book Number 1429205199
040 ## - CATALOGING SOURCE
Original cataloging agency DLC
Transcribing agency DLC
Modifying agency DLC
050 00 - LIBRARY OF CONGRESS CALL NUMBER
Classification number QB43.3
Item number .C66 2008
082 ## - DEWEY DECIMAL CLASSIFICATION NUMBER
Edition number 22
Classification number 523.1 COM 2008
Item number COM 2008
100 1# - MAIN ENTRY--PERSONAL NAME
Personal name Comins, Neil F.; Kaufmann, William J.
9 (RLIN) 397
245 10 - TITLE STATEMENT
Title Discovering The Universe.
250 ## - EDITION STATEMENT
Edition statement 8th ed.
260 ## - PUBLICATION, DISTRIBUTION, ETC. (IMPRINT)
Place of publication, distribution, etc. New York :
Name of publisher, distributor, etc. W.H. Freeman,
Date of publication, distribution, etc. c2008.
300 ## - PHYSICAL DESCRIPTION
Extent xx,535p :
Other physical details col.ill. ;
Dimensions 28 cm.
504 ## - BIBLIOGRAPHY, ETC. NOTE
Bibliography, etc Includes index.
650 #0 - SUBJECT ADDED ENTRY--TOPICAL TERM
Topical term or geographic name as entry element Astronomy
9 (RLIN) 398
650 #0 - SUBJECT ADDED ENTRY--TOPICAL TERM
Topical term or geographic name as entry element Universe
9 (RLIN) 399
856 42 - ELECTRONIC LOCATION AND ACCESS
Materials specified Publisher description
Uniform Resource Identifier http://www.loc.gov/catdir/enhancements/fy0834/2007939343-d.html
906 ## - LOCAL DATA ELEMENT F, LDF (RLIN)
a 7
b cbc
c orignew
d 3
e epcn
f 20
g y-gencatlg
942 ## - ADDED ENTRY ELEMENTS (KOHA)
Source of classification or shelving scheme Dewey Decimal Classification
Koha item type Book Bank
Holdings
Withdrawn status Lost status Source of classification or shelving scheme Damaged status Not for loan Home library Current library Date acquired Source of acquisition Inventory number Total Checkouts Full call number Barcode Date last seen Koha item type
    Dewey Decimal Classification     MUST Main Library MUST Main Library 08/07/2014 Purchase 12/36750   523.1 COM 2008 2014-0364 08/07/2014 Book Bank
    Dewey Decimal Classification     MUST Main Library MUST Main Library 08/07/2014 Purchase 12/36751   523.1 COM 2008 2014-0365 08/07/2014 Book Bank
    Dewey Decimal Classification     MUST Main Library MUST Main Library 08/07/2014 Purchase 12/36752   523.1 COM 2008 2014-0366 08/07/2014 Book Bank
    Dewey Decimal Classification     MUST Main Library MUST Main Library 08/07/2014 Purchase 12/36749   523.1 COM 2008 2014-0367 08/07/2014 Book Bank
    Dewey Decimal Classification     MUST Main Library MUST Main Library 08/07/2014 Purchase 12/36753   523.1 COM 2008 2014-0368 08/07/2014 Book Bank
    Dewey Decimal Classification     MUST Main Library MUST Main Library 08/07/2014 Purchase 12/35909   523.1 COM 2008 2014-0369 08/07/2014 Book Bank
    Dewey Decimal Classification     MUST Main Library MUST Main Library 08/07/2014 Purchase 12/35908   523.1 COM 2008 2014-0370 08/07/2014 Book Bank
    Dewey Decimal Classification     MUST Main Library MUST Main Library 08/07/2014 Purchase 12/35907   523.1 COM 2008 2014-0371 08/07/2014 Book Bank
    Dewey Decimal Classification     MUST Main Library MUST Main Library 08/07/2014 Purchase 12/35911   523.1 COM 2008 2014-0372 08/07/2014 Book Bank
    Dewey Decimal Classification     MUST Main Library MUST Main Library 08/07/2014 Purchase 12/35910   523.1 COM 2008 2014-0373 08/07/2014 Book Bank